000
00283pam a2200133 a 4500
020
_c
041
_h
082
_a
302
_b
GOR
100
_a
Gore, M.S.
245
_a
Social Development
_h
Textual Documents
260
_a
Jaipur
_b
Rawat Publication
300
_a
397/CB
930
_a
1981
999
_c
108814
_d
108814